| 000 | 02320nam a22003257a 4500 | ||
|---|---|---|---|
| 001 | 1729 | ||
| 003 | FISKH | ||
| 005 | 20231003161348.0 | ||
| 008 | 230921b cb ||||| |||| 00| 0 khr d | ||
| 020 | _a9789924340188 | ||
| 040 |
_aFISKH _beng _cFISKH _dFISKH |
||
| 082 | _a509.031 | ||
| 100 | _aTae-kwan, Kim | ||
| 245 |
_a 100 វិទ្យាសាស្រ្តអភិវត្តន៍ពិភពលោក / _bពីកំណើតនៃគ្រឿងយន្តប្រើចំហាយទឹក រហូតដល់ច្បាប់អាវ៉ូកាប្រូ : _cនិពន្ធដោយ គីម ថែខ្វាន់ និង អ៊ីម ហ្យងវុក - គូររូបដោយ មុន ផ្សងយុន - បកប្រែពីភាសាថៃដោយ វ៉ា សុវណ្ណរដ្ដ |
||
| 250 | _aបោះពុម្ពលើកទី ៣ កុម្ភៈ ២០២២ | ||
| 260 |
_aPhnom Penh : _bSipar, _c2022. |
||
| 300 |
_a97 pages : _bcolor illustrations ; _c23 cm |
||
| 490 |
_aខ្ញុំចង់ដឹង _v3 |
||
| 505 | _aZ' | ||
| 520 | _aផ្នែកទី 3 នៃសៀវភៅរូបថ្លុកកំប្លែងនេះ ពិពណ៌នាអំពីប្រវត្តិនៃការរកឃើញវត្ថុវិទ្យាសាស្រ្ត ភពថ្មី សារធាតុគីមី ច្បាប់ និងទ្រឹស្តីរវាងសតវត្សទី 18 និង 19 ជាមួយនឹងការសន្ទនារបស់ Albert Einstein, Ouchou និង Phora ។ | ||
| 520 | _aPart 3 in the series describing the history of the discoveries of scientific things, a new planet, chemical substances, laws and theories between the 18th and 19th century with the dialogue of Albert Einstein, Ouchou and Phora. | ||
| 521 | 8 |
_a1060
_bLexile estimate |
|
| 521 | 8 |
_aZ'
_bRaz-Plus |
|
| 650 |
_aស្រាវជ្រាវ _vទ្រឹស្ដី _xវិទ្យាសាស្រ្ត _yសន្ទនា |
||
| 650 |
_aDiscover _vTheories _xScience _yDialogue |
||
| 700 |
_aHyeong-wook, Im _eAuthor |
||
| 700 |
_aSung-hun, Jung _eillustrator] |
||
| 700 |
_aSovannrath, Va _eTranslator |
||
| 942 |
_2ddc _cKHB _n0 |
||
| 999 |
_c1729 _d1729 |
||